00935cam a2200289 a 450000100090000000300040000900500170001300800410003001000170007102000180008803800120010604000180011805000220013608200200015810000320017824500540021025000120026426000450027630000360032150400510035756300070040865000190041565000250043470000260045985600740048585600860055911804906OSt20211217113443.0991007s2000 maua b 001 0 eng  a 99052104  a9788131203521 aKhadija aDLCcDLCdDLC00aTJ1185b.T73 200000a671.53221bTRE1 aTrent, E. M.q(Edward Moor)10aMetal cutting /cEdward M. Trent, Paul K. Wright. a4th ed. aBoston :bButterworth-Heinemann,cc2000. axviii, 446 p. :bill. ;c26 cm. aIncludes bibliographical references and index. aPB 0aMetal-cutting. 0aMetal-cutting tools.1 aWright, Paul Kenneth.413Table of contentsuhttp://www.loc.gov/catdir/toc/els033/99052104.html423Publisher descriptionuhttp://www.loc.gov/catdir/description/els033/99052104.html